Music Quiz

Random Music or The Simpsons Quiz

Famous Musicians on The Simpsons Quiz Stats

 Plays Quiz Updated Oct 8, 2013

Also try: The Simpsons
Challenge
Share
Tweet
Score 0/24 Timer 04:00
0 Plays Today
% Correct
Elton John
95.5%
The Rolling Stones
91.4%
Britney Spears
82.8%
Kid Rock
78.6%
Green Day
75.6%
Weird Al Yankovic
71.2%
50 Cent
68.6%
'N Sync
68.1%
James Brown
66.7%
The Who
65.7%
Paul and Linda McCartney
65.2%
Red Hot Chili Peppers
63.3%
% Correct
The White Stripes
63.2%
Tom Jones
57.4%
U2
56.9%
Lenny Kravitz
55.7%
Ramones
49.5%
The Smashing Pumpkins
42.2%
Metallica
40%
R.E.M.
39.3%
Sting
37.2%
Cypress Hill
34.3%
Aerosmith
34%
Blink-182
32.2%

You're not logged in!

Compare scores with friends on all Sporcle quizzes.
Join for Free
OR
Log In

You Might Also Like...

Show Comments

Extras

Top Quizzes Today


Score Distribution

Your Account Isn't Verified!

In order to create a playlist on Sporcle, you need to verify the email address you used during registration. Go to your Sporcle Settings to finish the process.

Report this User

Report this user for behavior that violates our Community Guidelines.

Details: